000 00626cam a2200193 a 4500
999 _c530039
_d530039
001 4925280
005 20191008182430.0
008 950526r19961938nyu 000 1 eng
040 _aDLC
_cDLC
_dDLC
082 0 0 _a823.912
_bCHR
100 1 _aChristie, Agatha,
_d1890-1976.
_92976
245 1 0 _aAppointment with death /
_cAgatha Christie.
260 _aNew York :
_bPutnam,
_c1996.
300 _a244 p. ;
_c22 cm.
600 1 0 _aPoirot, Hercule
_c(Fictitious character)
_vFiction.
_911837
650 0 _aPrivate investigators
_zEngland
_vFiction.
_911838
655 7 _aDetective and mystery stories.
_2gsafd
_92977
942 _2ddc
_cBK